How many countries have? - Statistics

General Stats
  • This quiz has been taken 36 times
  • The average score is 30 of 45
Answer Stats
Question Tile Select % Correct
Which countries end with BIA? No
97%
Which countries end with BIA? Yes
91%
Which countries end with BIA? No
91%
Which countries end with BIA? No
91%
What is the happiest country Australia No
82%
What is the happiest country Turkey No
82%
What is the happiest country USA No
82%
Which country has 99M people in population No
79%
Which country has 99M people in population No
79%
What is the happiest country New zealand No
79%
What is the happiest country Sweden No
79%
Which countries have over 100M people in population? No
76%
Which countries have over 100M people in population? Yes
76%
How many millions of people live in Portugal? Type it in the numbers. 8 No
76%
Which countries end with BIA? Yes
74%
Which countries end with BIA? Yes
74%
Which country has 99M people in population No
74%
Which country has 99M people in population No
74%
How many millions of people live in Portugal? Type it in the numbers. 4 No
74%
Which countries have over 100M people in population? Yes
71%
How many millions of people live in Portugal? Type it in the numbers. 3 No
71%
How many millions of people live in Portugal? Type it in the numbers. 7 No
71%
What is the happiest country Denmark No
71%
What is the happiest country Iceland No
71%
Which countries have over 100M people in population? No
68%
Which countries have over 100M people in population? No
68%
How many millions of people live in Portugal? Type it in the numbers. 2 No
68%
What is the happiest country Norway No
68%
Which countries have over 100M people in population? No
65%
Which countries have over 100M people in population? Yes
65%
Which country has 99M people in population No
65%
How many millions of people live in Portugal? Type it in the numbers. 9 No
65%
Which countries end with BIA? Yes
62%
How many millions of people live in Portugal? Type it in the numbers. 6 No
62%
Which country has 99M people in population No
59%
Which country has 99M people in population No
56%
Which countries have over 100M people in population? Yes
53%
Which country has 99M people in population No
53%
Which countries end with BIA? Yes
50%
Which countries have over 100M people in population? No
50%
Which countries end with BIA? Yes
38%
What is the happiest country Finland Yes
38%
How many millions of people live in Portugal? Type it in the numbers. 1 Yes
24%
Which country has 99M people in population Yes
21%
How many millions of people live in Portugal? Type it in the numbers. 0 Yes
21%
No matching quizzes found
Score Distribution
Percent of People with Each Score
Percentile by Number Answered
Your Score History
You have not taken this quiz